书目信息 |
| 书名: | Keys to success | |
| 作者: | Carol Carter | |
| 分册号: | ||
| 分册名: | 出版地: | Upper Saddle River, N.J. : |
|
| 出版社: | Prentice Hall | |
| 出版时间: | 2001. | |
| 页数: | xxiii, 305 p. : | |
| 开本: | 28 cm. | |
| 丛书名: | ||
| 中图分类号: | ||
| 科图分类号: | ||
| 其他分类号: | B848.4 | |
| 主题词: | ||
| 电子资源: | ||
| 000 | 01149nam 2200313 a 4500 | |
| 001 | E0731583514 | |
| 003 | DLC | |
| 005 | 20070506085141.20 | |
| 008 | 951011s2001 njua bf 001 0 eng | |
| 008 | uu | |
| 010 | @a95039333 | |
| 020 | @a0132311356. | |
| 040 | @aDLC @cDLC @dDLC | |
| 043 | @an-us--- | |
| 049 | @aN5LA | |
| 050 | 00 | @aLB2343.32 @b.C37 1996 |
| 082 | 00 | @a378.1/98/XjJ @220 |
| 090 | @a2-97/G649.712/C32/////1177000 | |
| 090 | @aB848.4 | |
| 096 | @aG649.712 @v3 | |
| 099 | @dB848.4@ex137=2 | |
| 100 | 1 | @aCarter, Carol. |
| 245 | 10 | @aKeys to success :@bhow to achieve your goals / @cCarol Carter |
| 260 | @aUpper Saddle River, N.J. :@bPrentice Hall,@c2001. | |
| 300 | @axxiii, 305 p. :@bill. (some col.) ;@c28 cm. | |
| 650 | 0 | @aStudy skills @xHandbooks, manuals, etc. |
| 650 | 0 | @aCollege student orientation @zUnited States @xHandbooks, manuals, etc. |
| 700 | 1 | @aKravits, Sarah Lyman, @ejt. auth. @b00 @c20020930 @lNLC09 @h2252 @b00 @c20021020 @lNLC09 @h0845 @lNLC09 @h0012 @lNLC09 @h2005 @b01 @c20030903 @lNLC09 @h0930 @b01 @c20030903 @lNLC09 @h0930 |
| 852 | 9 | @bWWJC @cJ09 @k2-97 @hG649.712 @iC32 |
| Keys to success : : how to achieve your goals / / Carol Carter.-Upper Saddle River, N.J. : : Prentice Hall, , 2001. |
| xxiii, 305 p. : : ill. (some col.) ; ; 28 cm. |
| ISBN 0132311356. |
| ● |
| 相关链接 |
|
|
|
|
正题名:Keys to success
索取号:B848.4/x137=2
 
预约/预借
| 序号 | 登录号 | 条形码 | 馆藏地/架位号 | 状态 | 备注 |
| 1 | 006828 | 300068281 | 第二样本阅览室/ [索取号:B848.4/x137=2] | 在馆 | |
| 2 | 006829 | 300068290 | 密集书库/ [索取号:B848.4/x137=2] | 在馆 | |
| 3 | 006830 | 300068307 | 第四借阅区/ [索取号:B848.4/x137=2] | 在馆 | |
| 4 | 006831 | 300068316 | 第四借阅区/ [索取号:B848.4/x137=2] | 在馆 | |
| 5 | 006832 | 300068325 | 密集书库/ [索取号:B848.4/x137=2] | 在馆 |